Forenzná analýza registrov v OS Windows
Salvato in:
| Autore principale: | |
|---|---|
| Altri autori: | |
| Natura: | Manoscritto Libro |
| Lingua: | slovacco |
| Pubblicazione: |
2022
|
| Soggetti: | |
| Accesso online: | http://is.stuba.sk/zp/portal_zp.pl?podrobnosti=148473 |
| Tags: |
Nessun Tag, puoi essere il primo ad aggiungerne!!
|
MARC
| LEADER | 00000ntm a22000003a 4500 | ||
|---|---|---|---|
| 001 | stuzp88143 | ||
| 003 | SK-STU | ||
| 005 | 20220625211216.6 | ||
| 007 | ta | ||
| 008 | 150427s2015----xo-----f-mn---000-0-slo-d | ||
| 040 | |a STU |b slo | ||
| 041 | 0 | |a slo | |
| 100 | 1 | |a Mihale, Jozef |u 070400 |4 aut |U FIIT Fakulta informatiky a informačných technológií |T FIIT Ústav počítačového inžinierstva a aplikovanej informatiky |X 96965 |U I400 |Y 672 |7 96965 | |
| 242 | 0 | 1 | |a Forensic analysis of registry in OS Windows |y eng |
| 245 | 1 | 0 | |a Forenzná analýza registrov v OS Windows |
| 260 | |c 2022 | ||
| 650 | 4 | |a Windows Registry |2 slo | |
| 650 | 4 | |a digitálna forenzná veda |2 slo | |
| 650 | 4 | |a forenzné nástroje |2 slo | |
| 650 | 4 | |a digital forensics |2 eng | |
| 650 | 4 | |a Windows Registry |2 eng | |
| 650 | 4 | |a forensic tools |2 eng | |
| 700 | 1 | |a Galbavý, Miroslav |4 ths |X 1936 |7 A000001936 | |
| 856 | 4 | |u http://is.stuba.sk/zp/portal_zp.pl?podrobnosti=148473 | |